Left out but not shut down: political activism and the undocumented student movement/
Збережено в:
| Автор: | |
|---|---|
| Формат: | Книга |
| Мова: | Spanish |
| Теги: |
Додати тег
Немає тегів, Будьте першим, хто поставить тег для цього запису!
|
MARC
| LEADER | 00000nam a22000007a 4500 | ||
|---|---|---|---|
| 003 | cru CIDCACS/IIS | ||
| 005 | 20180322092434.0 | ||
| 007 | ta | ||
| 008 | 180321t2013 cau|||||r|||||||| ||spa|d | ||
| 999 | |c 41176 |d 41176 | ||
| 040 | |c cru CIDCACS/IIS | ||
| 100 | 1 | |9 6544 |a Gonzales, Roberto G. |d 1969- | |
| 245 | 1 | |a Left out but not shut down: |b political activism and the undocumented student movement/ |c Roberto G. Gonzales | |
| 300 | |a páginas 267-284 | ||
| 773 | 0 | |0 41168 |9 1911 |a Dowling, Julie A. |d Stanford, California: Stanford University Press, 2013 |o 18410 |t Governing immigration through crime: |z 9780804778817 | |
| 942 | |2 ddc |c LI | ||



